LEADER 00845nam a2200229 i 4500 001 000000020824 003 CaOOAMICUS 005 20251204093343.0 008 180830n it u000 u lat u 040 $aSeMil$bita 100 0 $aThucydides,$d.$0(OLS)http://semarc/name/89096 245 10$aHistoria belli Peloponnesiaci /$cThucydidis ; edidit Ioannes Matthias Stahl. 264 1$aLipsiae :$bTauchnitz,$c[1910?] 300 $av. ;$c20 cm. 500 $aPosseduto solo il vol. 2 700 1 $aStahl, Johann Matthias.$0(OLS)http://semarc/name/9328 774 0 $tLib. 5.-8.$g2$w()178056 900 0 $aTucidide. 996 $6245$aHistoria belli Peloponnesiaci$9(OLS)http://semarc/title/27491 996 $6264$aLipsiae :$bTauchnitz$9(OLS)http://semarc/publisher/30145 LEADER 01512nam a2200289 i 4500 001 000000036047 003 CaOOAMICUS 005 20070521000000.0 008 070521s1988 it u000 u ita u 013 $a5153 040 $aSeMil$bita 100 1 $aMonza : Assessorato alla Cultura.$0(OLS)http://semarc/name/16849 245 10$aSergio Antonielli :$bl'uomo, lo scrittore /$cComune di Monza, Assessorato alla Cultura ; a cura di Giuseppe Colombo e Vittorio De Matteis. 260 $a[S.l. :$bs.n.],$cstampa 1988$e(Lissone :$fLitoquattro,$gstampa 1988) 300 $a105 p. ;$c20 cm. 490 0 $aStudi e Convegni ;$v4 500 $aA pič del front. : Atti del Convegno: "Sergio Antonelli. L'uomo, lo scrittore" organizzato dall'Assessorato alla Cultura del Comune di Monza e dalla Biblioteca Civica di Monza. 600 14$aAntonielli, Sergio <1920-1982>.$0(OLS)http://semarc/subject/6763 650 4$aLetteratura italiana - Storia - Sec. 20.$0(OLS)http://semarc/subject/996 700 1 $aDe Matteis, Vittorio.$0(OLS)http://semarc/name/16851 700 1 $aColombo, Giuseppe,$c.$0(OLS)http://semarc/name/376 830 0$aStudi e convegni ;$v4.$0(OLS)http://semarc/title/28337 850 $aSeMil 852 $aSeMil$W1$xVenegono$y1$m1O II 65$j2202$B2202$CSeMilBibl$Z2$F2202 $81 961 $aOmaggio: Donazione 996 $6245$aSergio Antonielli :$bl'uomo, lo scrittore$9(OLS)http://semarc/title/49680 996 $6260$a[S.l. :$bs.n.]$9(OLS)http://semarc/publisher/29751